Muscarinic M1 and M3 receptor gene expression during pancreatic regeneration and insulin seretion in rats (Record no. 2046)
[ view plain ]
| 000 -LEADER | |
|---|---|
| fixed length control field | 00737nam a22001697a 4500 |
| 005 - DATE AND TIME OF LATEST TRANSACTION | |
| control field | 20090803120939.0 |
| 008 - FIXED-LENGTH DATA ELEMENTS--GENERAL INFORMATION | |
| fixed length control field | 090803t xxu||||| |||| 00| 0 eng d |
| 080 ## - UNIVERSAL DECIMAL CLASSIFICATION NUMBER | |
| Universal Decimal Classification number | 57:615.27 |
| Item number | REN |
| 100 ## - MAIN ENTRY--PERSONAL NAME | |
| Personal name | Renuka, T.R. |
| 245 ## - TITLE STATEMENT | |
| Title | Muscarinic M1 and M3 receptor gene expression during pancreatic regeneration and insulin seretion in rats |
| 300 ## - PHYSICAL DESCRIPTION | |
| Extent | 130p. |
| 653 ## - INDEX TERM--UNCONTROLLED | |
| Uncontrolled term | Biological Science in General |
| -- | Agents affecting metabolism and cell Functions |
| -- | Guide : Paulose, C.S. |
| 942 ## - ADDED ENTRY ELEMENTS (KOHA) | |
| item type | Theses |
| 260 ## - PUBLICATION, DISTRIBUTION, ETC. (IMPRINT) | |
| Place of publication, distribution, etc | Kochi |
| Name of publisher, distributor, etc | Dept. of Bio-Technology - CUSAT |
| Date of publication, distribution, etc | 2003 |
| 500 ## - GENERAL NOTE | |
| General note | Thesis (Ph.D) CUSAT 2003<br/><br/>Guide : Paulose, C.S. |
| 260 ## - PUBLICATION, DISTRIBUTION, ETC. (IMPRINT) | |
| -- | 1495 |
| Lost status | Source of classification or shelving scheme | Not for loan | Home library | Current library | Date acquired | Total Checkouts | Full call number | Barcode | Date last seen | Price effective from | Koha item type |
|---|---|---|---|---|---|---|---|---|---|---|---|
| Universal Decimal Classification | University Library | University Library | 03/08/2009 | 57:615.27 REN | G0008547 | 03/08/2009 | 03/08/2009 | Theses |
